00773nam a2200205 a 4500001001000000003000500010005001700015008004100032010001100073011001100084020001800095040000900113245017300122260008600295300002700381650003400408650005600442700003400498700003500532000111433CHAP20220329144210.0150410s2014 mx a |s| |||||||spa d a107895 a108867 a9786071203656 cCHAP00aActualidades y desafíos de la investigación en recursos bióticos de zonas áridash[Disco compacto]ccoordinado por Ricardo Trejo Calzada y Rafael Castro Franco. aBermejillo, Dgo. :bUACH. Unidad Regional Universitaria de Zonas Áridas,c2014. a1 CD ROM ;c4 3/4 plg.14aAgriculturaxInvestigación.14aRecursos naturalesxInventariosxRegiones áridas.0 aCastro Franco, Rafaelecoord.0 aTrejo Calzada, Ricardoecoord.